00763cam a2200205 a 450000100100000000500170001000800410002702000150006804000250008308200220010810000280013024501030015826000530026130000270031465000270034165000370036804900090040595201260041499900170054000001877420200929165845.0100518s1987 sp a 000 0 spa d a8433007106 aDO-SdBNPbspacBNPHU a263.041973bM388p1 aMarty, Martin E.94049910aPeregrinos en su propia tierra :bQuinientos años de religión en América /cMartin E. Marty. aBilbao, España :bDesclée de Brouwer,c1987. a376 p. :bil ;c23 cm. 4aPerigrinaciones940500 4aPerigrinaciones cristinas940501 aBNGR 001054708MOaGRbGRcCTd2010-05-18iLF1l0o263.041973 M388pp18774-10r2020-06-25w2020-06-25y4ZPréstamo en sala c18294d18294